[Event "Cheliabinsk Shusharin Memorial Rapid"]
[Site "Cheliabinsk"]
[Date "2023.11.16"]
[Round "11"]
[White "Afanasiev, Nikita"]
[Black "Lobanov, Sergei"]
[Result "1-0"]
[WhiteElo "2534"]
[BlackElo "2516"]
[PlyCount "73"]
[EventDate "2023.11.15"]
[EventType "swiss (rapid)"]
[EventRounds "11"]
[EventCountry "RUS"]
[SourceTitle "CB47_2023"]
[SourceDate "2023.11.22"]
[SourceVersion "1"]
[SourceVersionDate "2023.11.22"]
[SourceQuality "1"]

1. Nf3 d5 2. g3 g6 3. Bg2 Bg7 4. d4 Nf6 5. 0-0 0-0 6. c4 c6 7. Qa4 b5 8. cxb5 cxb5 9. Qb3 a5 10. Ne5 b4 11. a3 Qb6 12. Be3 Ba6 13. Nc3 e6 14. axb4 Qxb4 15. Qxb4 axb4 16. Nb5 Rc8 17. Nd6 Rc7 18. Ra4 Bf8 19. Ndxf7 Rxf7 20. Nxf7 Kxf7 21. Bf4 Nfd7 22. Rfa1 Ra7 23. e4 dxe4 24. Bxe4 Kf6 25. d5 e5 26. Be3 Bc5 27. Rxb4 Rc7 28. Rc1 Bxb4 29. Rxc7 Ke7 30. Ba7 Kd6 31. Bxb8 Nxb8 32. Rxh7 g5 33. Rg7 Bd2 34. h4 gxh4 35. gxh4 Bc4 36. h5 Nd7 37. h6 1-0

[Event "Cheliabinsk Shusharin Memorial Rapid"]
[Site "Cheliabinsk"]
[Date "2023.11.16"]
[Round "7"]
[White "Afanasiev, Nikita"]
[Black "Suleymenov, Alisher"]
[Result "1-0"]
[WhiteElo "2534"]
[BlackElo "2508"]
[PlyCount "89"]
[EventDate "2023.11.15"]
[EventType "swiss (rapid)"]
[EventRounds "11"]
[EventCountry "RUS"]
[SourceTitle "CB47_2023"]
[SourceDate "2023.11.22"]
[SourceVersion "1"]
[SourceVersionDate "2023.11.22"]
[SourceQuality "1"]

1. e4 c5 2. Nf3 Nc6 3. Bb5 g6 4. 0-0 Bg7 5. Bxc6 bxc6 6. c3 Nf6 7. Re1 0-0 8. h3 Qc7 9. d4 d5 10. e5 Ne4 11. Be3 c4 12. b3 cxb3 13. axb3 f6 14. exf6 exf6 15. Qc1 g5 16. Nbd2 h6 17. Nh2 f5 18. f3 Ng3 19. Nhf1 Nh5 20. Qd1 Bd7 21. b4 Rfe8 22. Nb3 Re7 23. Bf2 Rae8 24. Rxe7 Rxe7 25. Nc5 Nf4 26. Bg3 Bc8 27. Qd2 h5 28. Nd3 Bh6 29. h4 Ne2+ 30. Qxe2 f4 31. Qd2 fxg3 32. hxg5 Bg7 33. Re1 h4 34. f4 Bf5 35. Ne5 Qc8 36. Nf3 Rxe1 37. Qxe1 h3 38. Nxg3 Bg4 39. Ne5 hxg2 40. Kxg2 Bh3+ 41. Kf2 Qa6 42. Nf3 Bf8 43. Qe2 Qa1 44. Qc2 Bg4 45. Ne5 1-0